• 首页
  • 本馆介绍
  • 公告通知
  • 最新文献
  • 馆藏检索
  • 电子资源
  • 读者导购
  • 参考咨询
  • 我的图书馆
  • 登录
  • 详细信息显示
  • 放入我的书架
  • 预约/预借图书
  • 作者相关作品
  • 分类相关作品
  • 丛书相关作品
  • 出版社相关作品

书目信息

  • 表格格式
  • 工作单格式
  • 卡片格式
题名:
运动自由基生物学研究
    
 
作者: 熊正英 著
分册:  
出版信息: 北京   科学出版社  2010
页数: 325页
开本: 26cm
丛书名:
单 册:
中图分类: G804.7
科图分类:
主题词: 运动生物化学--研究 , 运动生物化学
电子资源:
ISBN: 978-7-03-027439-7
000 01141nam0 2200277 45
001 1130744843
005 20110310092904.35
010    @a978-7-03-027439-7@dCNY75.00
100    @a20110122d2010 emky0chiy50 ea
101 0  @achi
102    @aCN@b110000
105    @aa z 000yy
106    @ar
200 1  @a运动自由基生物学研究@AYun Dong Zi You Ji Sheng Wu Xue Yan Jiu@f熊正英著@FXiong Zheng Ying Zhu
210    @a北京@c科学出版社@d2010
215    @a325页@c图@d26cm
300    @a陕西师范大学学术著作出版基金资助
312    @a封面英文题名:The biological research of free radical in exercise
330    @a本书共12章,内容包括:运动与自由基、常用抗氧化剂、抗氧化剂与抗氧化酶活性及丙二醛含量、抗氧化剂与不同组织超微结构及血清酶活性、抗氧化剂与细胞凋亡、抗氧化剂与激素、抗氧化剂与免疫机能、抗氧化剂与大鼠脑组织氨基酸类神经递质含量、抗氧化剂与训练大鼠ATPase活性等。
510 1  @aBiological research of free radical in exercise@zeng
606 0  @a运动生物化学@x研究
606 0  @a运动生物化学
690    @aG804.7@v4
701  0 @a熊正英@AXiong Zheng Ying@4著
801  0 @aCN@bTANGWEI@c20110310
905    @b0531989-92@dG804.7@e442@f4
    
    运动自由基生物学研究/熊正英著.-北京:科学出版社,2010
    325页:图;26cm
    陕西师范大学学术著作出版基金资助
    
    ISBN 978-7-03-027439-7:CNY75.00
    本书共12章,内容包括:运动与自由基、常用抗氧化剂、抗氧化剂与抗氧化酶活性及丙二醛含量、抗氧化剂与不同组织超微结构及血清酶活性、抗氧化剂与细胞凋亡、抗氧化剂与激素、抗氧化剂与免疫机能、抗氧化剂与大鼠脑组织氨基酸类神经递质含量、抗氧化剂与训练大鼠ATPase活性等。
●
相关链接 在E读中查询图书 在五车中查询图书 在当当中查询图书 在豆瓣中查询图书


正题名:运动自由基生物学研究     索取号:G804.7/442         预约/预借

序号 登录号 条形码 馆藏地/架位号 状态 备注
1 0531989   205319895   第一样本阅览室/ [索取号:G804.7/442] 在馆    
2 0531990   205319902   第四借阅区/ [索取号:G804.7/442] 在馆    
3 0531991   205319911   密集书库-体育系/ [索取号:G804.7/442] 在馆    
4 0531992   205319920   第四借阅区/ [索取号:G804.7/442] 在馆    
唐山师范学院图书馆 欢迎您!
大连网信软件有限公司© 版权所有